[Event "SRB-ch U14"]
[Site "Sokobanja"]
[Date "2010.04.05"]
[Round "1"]
[White "Vucinic, Gojko"]
[Black "Ivanovic, Aleksandar"]
[Result "1-0"]
[WhiteElo "1990"]
[BlackElo "1615"]
[PlyCount "42"]
[EventDate "2010.04.05"]
[EventType "swiss"]
[EventRounds "9"]
[EventCountry "YUG"]
[SourceTitle "CBM 136 Extra"]
[Source "ChessBase"]
[SourceDate "2010.07.02"]
[SourceVersion "2"]
[SourceVersionDate "2010.07.15"]
[SourceQuality "1"]

1. e4 e5 2. Nf3 Nc6 3. Bc4 Nf6 4. Ng5 d5 5. exd5 Nxd5 6. Nxf7 Kxf7 7. Qf3+ Ke6 8. Nc3 Nce7 9. 0-0 c6 10. d4 b5 11. Bb3 Kd6 12. dxe5+ Kc7 13. Rd1 Be6 14. Bd2 Qe8 15. Ne4 Nc8 16. Ba5+ Ndb6 17. Bxe6 Qxe6 18. Ng5 Qg6 19. Nf7 Rg8 20. Rd3 Be7 21. Rad1 Kb7 1-0

[Event "Belgrade-ch"]
[Site "Belgrade"]
[Date "2010.01.30"]
[Round "8"]
[White "Ivanovic, Aleksandar"]
[Black "Jovanovic, Nebojsa M"]
[Result "1-0"]
[WhiteElo "1601"]
[BlackElo "1794"]
[PlyCount "49"]
[EventDate "2010.01.23"]
[EventType "swiss"]
[EventRounds "9"]
[EventCountry "YUG"]
[SourceTitle "CBM 134 Extra"]
[Source "ChessBase"]
[SourceDate "2010.03.03"]
[SourceVersion "1"]
[SourceVersionDate "2010.03.03"]
[SourceQuality "1"]

1. d4 d5 2. c4 Nf6 3. Nc3 e6 4. Bg5 Be7 5. e3 c6 6. Nf3 Nbd7 7. Bd3 Qc7 8. 0-0 e5 9. cxd5 Nxd5 10. Nxd5 cxd5 11. Bxe7 Kxe7 12. dxe5 Nxe5 13. Rc1 Qd6 14. Nd4 Bg4 15. Nf5+ Bxf5 16. Bxf5 g6 17. Bc2 Rhd8 18. Bb3 f5 19. Qc2 Qc6 20. Qd2 Qd6 21. Qd4 Ke6 22. e4 fxe4 23. Qxe4 Kf6 24. Qd4 Qe6 25. f4 1-0

[Event "Belgrade op"]
[Site "Belgrade"]
[Date "2009.11.28"]
[Round "5"]
[White "Ivanovic, Aleksandar"]
[Black "Jovic, Slavko"]
[Result "0-1"]
[WhiteElo "1578"]
[BlackElo "1920"]
[PlyCount "30"]
[EventDate "2009.11.24"]
[EventType "swiss"]
[EventRounds "9"]
[EventCountry "YUG"]
[SourceTitle "CBM 133 Extra"]
[Source "ChessBase"]
[SourceDate "2010.01.05"]
[SourceVersion "1"]
[SourceVersionDate "2010.01.05"]
[SourceQuality "1"]

1. d4 Nf6 2. Nf3 g6 3. b3 Bg7 4. Bb2 0-0 5. Nbd2 d6 6. e3 Nbd7 7. Bd3 Re8 8. 0-0 e5 9. Ne4 Nxe4 10. Bxe4 exd4 11. Bd3 dxe3 12. Bxg7 Kxg7 13. Qe1 exf2+ 14. Rxf2 a5 15. Qc3+ Kg8 0-1

[Event "Belgrade op"]
[Site "Belgrade"]
[Date "2009.11.24"]
[Round "1"]
[White "Djalovic, Velizar"]
[Black "Ivanovic, Aleksandar"]
[Result "1-0"]
[WhiteElo "2177"]
[BlackElo "1578"]
[PlyCount "37"]
[EventDate "2009.11.24"]
[EventType "swiss"]
[EventRounds "9"]
[EventCountry "YUG"]
[SourceTitle "CBM 133 Extra"]
[Source "ChessBase"]
[SourceDate "2010.01.05"]
[SourceVersion "1"]
[SourceVersionDate "2010.01.05"]
[SourceQuality "1"]

1. e4 e5 2. Nc3 Bc5 3. g3 d6 4. h3 Be6 5. Bg2 Ne7 6. Nge2 0-0 7. 0-0 Qd7 8. Kh2 Nbc6 9. f4 Nd4 10. f5 Bc4 11. d3 Nxe2 12. Qxe2 Ba6 13. f6 Ng6 14. h4 gxf6 15. Nd5 Qe6 16. Nxf6+ Kg7 17. Qh5 Nf4 18. Qg5+ Kh8 19. Qh6 1-0

[Event "Belgrade Spring op"]
[Site "Belgrade"]
[Date "2009.03.23"]
[Round "3"]
[White "Ivanovic, Aleksandar"]
[Black "Karadarevic, Slobodan"]
[Result "0-1"]
[WhiteElo "1624"]
[BlackElo "1832"]
[PlyCount "73"]
[EventDate "2009.03.21"]
[EventType "swiss"]
[EventRounds "9"]
[EventCountry "YUG"]
[SourceTitle "CBM 129 Extra"]
[Source "ChessBase"]
[SourceDate "2009.05.05"]
[SourceVersion "2"]
[SourceVersionDate "2009.05.20"]
[SourceQuality "1"]

1. e4 e5 2. Nf3 Nc6 3. Bc4 Nf6 4. d3 Be7 5. 0-0 d6 6. h3 Na5 7. Bb5+ c6 8. Ba4 b5 9. Bb3 Nxb3 10. axb3 0-0 11. Be3 Qc7 12. Qd2 d5 13. Qa5 Qxa5 14. Rxa5 d4 15. Bg5 Bd6 16. Bxf6 gxf6 17. Nbd2 a6 18. c3 c5 19. cxd4 cxd4 20. Rc1 Bb7 21. Raa1 Rac8 22. Nh4 Rxc1+ 23. Rxc1 Rc8 24. Rxc8+ Bxc8 25. Nf5 Bb4 26. Nb1 Be6 27. Kf1 Bxb3 28. Ke2 Kf8 29. Nd2 Be6 30. Kd1 a5 31. Nb1 Ke8 32. Kc2 a4 33. Nd2 Bxd2 34. Kxd2 Bxf5 35. exf5 b4 36. b3 a3 37. Kc2 0-1

[Event "Belgrade-ch"]
[Site "Belgrade"]
[Date "2009.02.01"]
[Round "9"]
[White "Maljevic, Aleksa"]
[Black "Ivanovic, Aleksandar"]
[Result "1/2-1/2"]
[WhiteElo "1713"]
[BlackElo "1624"]
[PlyCount "110"]
[EventDate "2009.01.24"]
[EventType "swiss"]
[EventRounds "9"]
[EventCountry "YUG"]
[SourceTitle "CBM 128 Extra"]
[Source "ChessBase"]
[SourceDate "2009.03.05"]
[SourceVersion "2"]
[SourceVersionDate "2009.03.25"]
[SourceQuality "1"]

1. e4 e5 2. Nf3 Nc6 3. d4 exd4 4. Nxd4 Nf6 5. Nc3 Bb4 6. Nxc6 Bxc3+ 7. bxc3 dxc6 8. Qxd8+ Kxd8 9. Bd3 Re8 10. f3 Ke7 11. Bf4 Be6 12. Bxc7 Rac8 13. Bg3 Kf8 14. 0-0 Rcd8 15. a3 c5 16. Rfd1 c4 17. Be2 Rd7 18. Rxd7 Nxd7 19. Rd1 Rc8 20. Rb1 b6 21. Rd1 Ke8 22. Kf2 Rc5 23. Bd6 Rb5 24. Rd4 Rb2 25. Bd1 Rb5 26. Ke1 f5 27. exf5 Bxf5 28. Rxc4 Rd5 29. Rd4 Nf6 30. Rxd5 Nxd5 31. Kd2 Kd7 32. Be5 g6 33. Be2 Ke6 34. f4 Be4 35. g3 h5 36. Bd3 Kf5 37. Bxe4+ Kxe4 38. Bd4 a6 39. Ke2 b5 40. Kf2 Ne7 41. h3 Nf5 42. Bc5 h4 43. g4 Ng7 44. Be7 Ne6 45. f5 gxf5 46. gxf5 Kxf5 47. Bxh4 Nf4 48. Kg3 Ne2+ 49. Kf3 Nxc3 50. Be7 a5 51. Bd8 a4 52. Ba5 Nd5 53. c3 Nf4 54. h4 Ng6 55. Bd8 Ne5+ 1/2-1/2

[Event "Belgrade-ch"]
[Site "Belgrade"]
[Date "2009.01.26"]
[Round "3"]
[White "Ivanovic, Aleksandar"]
[Black "Petkovic, Slobodan"]
[Result "0-1"]
[WhiteElo "1624"]
[BlackElo "2093"]
[PlyCount "54"]
[EventDate "2009.01.24"]
[EventType "swiss"]
[EventRounds "9"]
[EventCountry "YUG"]
[SourceTitle "CBM 128 Extra"]
[Source "ChessBase"]
[SourceDate "2009.03.05"]
[SourceVersion "2"]
[SourceVersionDate "2009.03.25"]
[SourceQuality "1"]

1. e4 e6 2. Nc3 d5 3. d4 Nf6 4. e5 Nfd7 5. Nf3 a6 6. a3 c5 7. Bg5 Be7 8. Bxe7 Qxe7 9. Be2 Nc6 10. 0-0 cxd4 11. Nxd4 Ndxe5 12. f4 Nd7 13. Kh1 0-0 14. Qd2 Nxd4 15. Qxd4 Qc5 16. Rad1 Qxd4 17. Rxd4 Nf6 18. g4 h6 19. Bf3 Bd7 20. Re1 Bc6 21. f5 Rfe8 22. fxe6 fxe6 23. Re5 Nd7 24. Re3 Kh8 25. Rd2 Rf8 26. Bg2 d4 27. Rxd4 Rf1# 0-1

[Event "Belgrade-ch"]
[Site "Belgrade"]
[Date "2009.01.24"]
[Round "1"]
[White "Ivanovic, Aleksandar"]
[Black "Ristic, Slobodan B"]
[Result "0-1"]
[WhiteElo "1624"]
[BlackElo "2106"]
[PlyCount "108"]
[EventDate "2009.01.24"]
[EventType "swiss"]
[EventRounds "9"]
[EventCountry "YUG"]
[SourceTitle "CBM 128 Extra"]
[Source "ChessBase"]
[SourceDate "2009.03.05"]
[SourceVersion "2"]
[SourceVersionDate "2009.03.25"]
[SourceQuality "1"]

1. d4 Nf6 2. Nc3 c5 3. Bg5 g6 4. e4 cxd4 5. Bxf6 exf6 6. Qxd4 Nc6 7. Qe3 Bg7 8. 0-0-0 0-0 9. Bb5 a6 10. Bxc6 bxc6 11. Nge2 Qa5 12. Rd4 Re8 13. Ra4 Qc7 14. Qc5 d6 15. Qa5 Qa7 16. Rf1 Bd7 17. Rb4 Rab8 18. Rxb8 Rxb8 19. Rd1 Bf8 20. f3 Qb7 21. b3 Qa7 22. Kb2 Re8 23. Nd4 Rb8 24. Nde2 Be8 25. Rd4 Bd7 26. Ra4 Rb6 27. Rb4 Rxb4 28. Qxb4 f5 29. Qd4 Qc7 30. g3 Bg7 31. Qd3 a5 32. a4 fxe4 33. fxe4 h5 34. Kb1 Be5 35. Nd4 Qb8 36. Nf3 Bg7 37. e5 d5 38. Ne2 Bxe5 39. Nxe5 Qxe5 40. Qd2 Bf5 41. Nd4 Bd7 42. Nf3 Qc7 43. Qf4 Qb7 44. Qh6 Bf5 45. Ng5 Qxb3+ 46. Ka1 Qxa4+ 47. Kb2 Qxc2+ 48. Ka3 Qc1+ 49. Kb3 Qb1+ 50. Ka3 Qa1+ 51. Kb3 Qg7 52. Qxg7+ Kxg7 53. Ka4 c5 54. Kb5 c4 0-1